Online Catalogue and eLibrary

Ediriweera Sarathchandra natya yugaya (Record no. 4932)

MARC details
000 -LEADER
fixed length control field 00449nam a2200157Ia 4500
005 - DATE AND TIME OF LATEST TRANSACTION
control field 20250630032756.0
008 - FIXED-LENGTH DATA ELEMENTS--GENERAL INFORMATION
fixed length control field 240331s9999 xx 000 0 und d
020 ## - INTERNATIONAL STANDARD BOOK NUMBER
ISBN 9552108829
082 ## - DDC Classification
Item Number - Author Mark DES
Class No. 891
100 ## - MAIN ENTRY--PERSONAL NAME
Personal name De Silva,R
245 #0 - TITLE STATEMENT
Title Ediriweera Sarathchandra natya yugaya
260 ## - PUBLICATION, DISTRIBUTION, ETC.
Place of publication, distribution, etc. Nugegoda
Name of publisher, distributor, etc. M.D.Gunasena & Co
Date of publication, distribution, etc. 1997
300 ## - PHYSICAL DESCRIPTION
Extent (e.g. Volumes, Pages etc.) 198 p .,
500 ## - GENERAL NOTE
General note The Ediriweera Sarachchandra Drama Era - 1947 - 1997 ( The Second Half)
942 ## - Koha item type (Biblio)
Koha item type Books in Stacks (Lending)
Holdings
Lost status Damaged status Collection code Home library Current library Shelving location Date acquired Full call number Accession Number Item type
    Lending WERC Library WERC Library Social Science Cupboard 03/31/2024 891.48 DES 2452 Books in Stacks (Lending)

© WERC Library